Advances in topological quantum field theory /

Guardado en:
Autores Corporativos: NATO Advanced Research Workshop on New Techniques in Topological Quantum Field Theory Kananaskis Village, Alta.), North Atlantic Treaty Organization. Scientific Affairs Division.
Otros Autores: Bryden, J. M.
Formato: Libro
Idioma:English
Publicado: Dordrecht ; Boston : Kluwer Academic in cooperation with NATO Scientific Affairs Division, 2004.
Series:NATO science series. Mathematics, physics, and chemistry ; v. 179
Materias:
Etiquetas: Agregar Etiqueta
Sin Etiquetas, Sea el primero en etiquetar este registro!
LEADER 01219cam a22002897a 4500
001 MAT.inmabb003902
008 050629s2004####ne#a#####b####100#0#eng#d
005 20160523120432.0
245 1 0 |a Advances in topological quantum field theory /  |c edited by John M. Bryden. 
260 |a Dordrecht ;  |a Boston :  |b Kluwer Academic in cooperation with NATO Scientific Affairs Division,  |c 2004. 
300 |a 353 p. :  |b il. ;  |c 25 cm. 
440 0 |a NATO science series.  |n Series II,  |p Mathematics, physics, and chemistry ;  |v v. 179 
504 |a Incluye referencias bibliográficas. 
510 4 |a MR,  |c 2006a:00006 
020 |a 1402027702 
111 2 |a NATO Advanced Research Workshop on New Techniques in Topological Quantum Field Theory  |d (2001 :  |c Kananaskis Village, Alta.) 
700 1 |a Bryden, J. M.  |q (John M.) 
710 2 |a North Atlantic Treaty Organization.  |b Scientific Affairs Division. 
650 0 |a Quantum field theory  |v Congresses. 
650 0 |a Mathematical physics  |v Congresses. 
653 1 |a Topological quantum field theory 
084 |a 00B25 (57-06)  |2 MR 
010 |a  2005298874 
016 7 |a 013134845  |2 Uk 
040 |a UKM  |b eng  |c UKM  |d OHX  |d DLC 
072 |a QA  |2 lcco 
859 |h 00B25  |i N279-2001  |p A-8298  |b BIB. MATEMATICA